000 00416nam a2200169Ia 4500
003 GCL
008 140319s9999 xx 000 0 eng d
040 _aGCL /
_cGCL
082 0 4 _a779
_bD B
100 1 _aDAVIS, PHIL
245 1 0 _aTHE BASIC PHOTO BOOK /
_cDAVIS, PHIL
260 _a[S.N] :
_bWM. C. BROWN PUBLISHERS ،
_c1992
300 _a152 P
650 0 4 _aCAMERAS
650 0 4 _aPHOTOGRAPHY
942 _2ddc
_cBK
999 _c10220
_d10220